000 01351cam a2200313 i 4500
999 _c1303
_d1303
001 005273981
003 OCoLC
005 20230106103403.0
008 111104r20111954enkab 000 1 eng d
020 _a9780261103580
_q(paperback)
035 _a(OCoLC)760284465
040 _aNLE
_beng
_cNLE
_dOCLCO
_dOCLCA
_dMYNLM
_dOCLCO
_dOCLCF
_dN15
_dOCLCQ
_dOCLCA
_dAUPTL
_dOCL
_dNITA
_dKH8
042 _anbic
082 0 4 _a823.92 TOL
_222
100 1 0 _aTolkien, J. R. R.
_q(John Ronald Reuel),
_d1892-1973.
_eAuthor
245 1 4 _aThe Two Towers :
_bbeing the second part of the Lord of the rings /
_cby J.R.R. Tolkein.
260 _aLondon :
_bHarperCollins,
_c2011, ©1954.
300 _aviii pages, pages 414-742 :
_billustrations, maps ;
_c20 cm.
336 _atext
_btxt
_2rdacontent.
337 _aunmediated
_bn
_2rdamedia.
338 _avolume
_bnc
_2rdacarrier.
490 1 _aLord of the rings ;
_vpt. 2.
500 _aOriginally published: 1954.
520 0 _aThe Company of the Ring is sundered. Frodo and Sam continue their journey alone down the great River Anduin - alone that is, save for a mysterious creeping figure that follows wherever they go.
650 0 _aEnglish fiction.
650 0 _aMiddle Earth (Imaginary place)
_vFiction.
800 1 _aTolkien, J. R. R.
_q(John Ronald Reuel),
_d1892-1973.
_tLord of the rings ;
_vpt. 2.
942 _2ddc
_cNFIC